000 00624nam a2200193Ia 4500
003 GCL
008 140319s9999 xx 000 0 ara d
040 _aGCL /
_cGCL
082 0 4 _a150.195
_bم ف
100 1 _aمصطفى زيور
245 1 0 _aفى النفس : بحوث فى التحليل النفسى , الطب النفسى الجسمى , الطب النفسى , الف لسفة /
_cمصطفى زيور
300 _a603 ص
490 _a
650 0 4 _aعلم النفس
650 0 4 _aالتحليل النفسى
650 0 4 _aالطب النفسى
650 0 4 _aالامراض النفسية
942 _2ddc
_cBK
999 _c49397
_d49397